[Event "Cali Valle Colombia op-B"]
[Site "Cali Valle Colombia"]
[Date "2022.12.27"]
[Round "3"]
[White "Plazas, Alfonso"]
[Black "Vacca, Leonardo"]
[Result "0-1"]
[WhiteElo "1890"]
[BlackElo "2041"]
[PlyCount "100"]
[EventDate "2022.12.26"]
[EventType "swiss"]
[EventRounds "8"]
[EventCountry "COL"]
[SourceTitle "CBM 211 Extra"]
[Source "ChessBase"]
[SourceDate "2023.01.31"]
[SourceVersion "1"]
[SourceVersionDate "2023.01.31"]
[SourceQuality "1"]

1. d4 c5 2. d5 Nf6 3. c4 b5 4. Nf3 bxc4 5. Nc3 d6 6. e4 Nbd7 7. Bxc4 g6 8. 0-0 Bg7 9. Bg5 0-0 10. Qd2 Rb8 11. Rab1 Qa5 12. Rfe1 Re8 13. e5 Nxe5 14. Nxe5 dxe5 15. Rxe5 Ne4 16. Rxe4 Bxc3 17. Qf4 Rxb2 18. Rxb2 Bxb2 19. d6 e6 20. h4 Bd7 21. h5 Bg7 22. h6 Bf8 23. Be7 Rxe7 24. dxe7 Bxe7 25. Re3 Qd2 26. Qb8+ Bf8 27. Bf1 c4 28. Bxc4 Qc1+ 29. Bf1 a6 30. Qe5 Bb5 31. Re1 Qd2 32. Bxb5 axb5 33. Qe2 Qg5 34. Rb1 b4 35. Qe3 Qh5 36. Qa7 Qxh6 37. Rd1 Qg5 38. g3 Bc5 39. Qb8+ Kg7 40. Rd8 e5 41. Kg2 Qf5 42. Rd2 Qe4+ 43. Kh2 Qe1 44. Qd8 Bxf2 45. Qd3 Bxg3+ 46. Kg2 Bf4 47. Rf2 Be3 48. Re2 Qg1+ 49. Kf3 Qf1+ 50. Kg3 Bf4+ 0-1

[Event "Cali Valle Colombia op-B"]
[Site "Cali Valle Colombia"]
[Date "2022.12.27"]
[Round "2"]
[White "Vacca, Leonardo"]
[Black "Idrobo, Juan Manuel"]
[Result "1-0"]
[WhiteElo "2041"]
[BlackElo "1809"]
[PlyCount "57"]
[EventDate "2022.12.26"]
[EventType "swiss"]
[EventRounds "8"]
[EventCountry "COL"]
[SourceTitle "CBM 211 Extra"]
[Source "ChessBase"]
[SourceDate "2023.01.31"]
[SourceVersion "1"]
[SourceVersionDate "2023.01.31"]
[SourceQuality "1"]

1. e4 d5 2. exd5 Nf6 3. Bb5+ Bd7 4. Bc4 c6 5. dxc6 Nxc6 6. Nf3 e6 7. d4 Bd6 8. 0-0 Qc7 9. Nc3 a6 10. Re1 0-0 11. Bg5 Be7 12. d5 exd5 13. Bxf6 Bxf6 14. Nxd5 Qd8 15. Nxf6+ gxf6 16. Re3 Qc7 17. Bd3 Bg4 18. Qe1 Kh8 19. Qc3 Rg8 20. Qxf6+ Rg7 21. Ng5 Rd8 22. Rae1 Qd7 23. Bxh7 Rf8 24. Bd3 Kg8 25. Rg3 Nb4 26. h3 Bh5 27. Bh7+ Kh8 28. Bf5 Qd2 29. Nf3 1-0

[Event "Palmira op-B"]
[Site "Palmira"]
[Date "2022.12.17"]
[Round "6"]
[White "Vacca, Leonardo"]
[Black "Franco, Jhonier"]
[Result "0-1"]
[WhiteElo "2041"]
[BlackElo "1900"]
[PlyCount "178"]
[EventDate "2022.12.14"]
[EventType "swiss"]
[EventRounds "8"]
[EventCountry "COL"]
[SourceTitle "CBM 211 Extra"]
[Source "ChessBase"]
[SourceDate "2023.01.31"]
[SourceVersion "1"]
[SourceVersionDate "2023.01.31"]
[SourceQuality "1"]

1. c4 b5 2. cxb5 a6 3. e4 axb5 4. Bxb5 Ba6 5. Bxa6 Rxa6 6. Ne2 d5 7. exd5 Qxd5 8. 0-0 h5 9. d4 h4 10. Nbc3 Qf5 11. Qb3 Qc8 12. Bf4 g5 13. Qb5+ Nd7 14. Nd5 c6 15. Qxa6 Qxa6 16. Nc7+ Kd8 17. Nxa6 gxf4 18. Nxf4 Ngf6 19. Nd3 Rg8 20. Ne5 Nxe5 21. dxe5 Nd5 22. e6 Nf4 23. Rfd1+ Kc8 24. exf7 Rxg2+ 25. Kh1 Rg7 26. Rg1 Rxf7 27. Rg8 Nd3 28. Kg1 Kb7 29. Rd1 Nxf2 30. Nc5+ Ka7 31. Rd7+ Kb6 32. Ne6 Nh3+ 33. Kg2 Nf4+ 34. Nxf4 Rxf4 35. b4 e5 36. a3 Rf6 37. Rh8 c5 38. Rxh4 cxb4 39. axb4 Bh6 40. Rc4 Bf4 41. Rcc7 e4 42. Rb7+ Kc6 43. Rg7 Bd6 44. b5+ Kc5 45. Rg5+ Kd4 46. Ra7 e3 47. Ra4+ Kc3 48. Ra2 Kd3 49. Rd5+ Ke4 50. Rd1 Rg6+ 51. Kh1 Be5 52. Rb1 Bd4 53. Ra6 Bb6 54. Ra2 Kf3 55. Rf1+ Ke4 56. Re1 Rg5 57. Rb2 Ba5 58. Rg1 Rh5 59. b6 Rh8 60. b7 Bc7 61. Rc1 Be5 62. Rc8 Bxb2 63. Rxh8 Bxh8 64. b8Q e2 65. Qb1+ Ke3 66. Qc1+ Kd3 67. Qb1+ Kd2 68. Qa2+ Ke3 69. Qb3+ Kd2 70. Qd5+ Kc2 71. Qe4+ Kd2 72. Qf4+ Kd3 73. Qf5+ Kd2 74. Qd7+ Kc2 75. Qe8 Kd2 76. Qd8+ Kc2 77. Qe7 Kd2 78. Qd6+ Kc2 79. Qe6 Kd2 80. Qd5+ Kc2 81. Qe4+ Kd2 82. Qd5+ Kc2 83. Qc4+ Kd2 84. Qa2+ Kd3 85. Qa6+ Kd2 86. Qh6+ Kc2 87. Qe3 Kd1 88. Qd3+ Ke1 89. Qd2+ Kxd2 0-1

[Event "Pan American Continental"]
[Site "Cali"]
[Date "2010.11.19"]
[Round "5"]
[White "Vacca, Leonardo"]
[Black "Mateus Urbano, Luis Alejandro"]
[Result "0-1"]
[WhiteElo "2043"]
[BlackElo "2274"]
[PlyCount "122"]
[EventDate "2010.11.17"]
[EventType "swiss"]
[EventRounds "9"]
[EventCountry "COL"]
[SourceTitle "CBM 139 Extra"]
[Source "ChessBase"]
[SourceDate "2011.01.05"]
[SourceVersion "1"]
[SourceVersionDate "2011.01.05"]
[SourceQuality "1"]

1. e4 c5 2. Nf3 d6 3. d4 cxd4 4. Nxd4 Nf6 5. Nc3 a6 6. g3 e6 7. Bg2 Bd7 8. 0-0 Nc6 9. Re1 Qc7 10. a4 Be7 11. h3 0-0 12. Nb3 Rfd8 13. Qe2 Rac8 14. a5 Ne5 15. f4 Nc4 16. g4 Be8 17. Kh1 g6 18. Bf3 Bf8 19. Qg2 d5 20. e5 Nd7 21. Nd1 Bg7 22. Nf2 Nc5 23. Nxc5 Qxc5 24. Re2 Nxa5 25. b4 Qxb4 26. Bd2 Qb2 27. Rxa5 Rxc2 28. Nd1 Qb6 29. Ra1 Rdc8 30. Qf2 d4 31. Be1 Qb3 32. Rxc2 Rxc2 33. Qg3 Qb5 34. Nf2 g5 35. Bg2 Bc6 36. Bxc6 Qxc6+ 37. Qg2 Qxg2+ 38. Kxg2 gxf4 39. Kf3 Bxe5 40. Nd3 Bd6 41. Rc1 Rxc1 42. Nxc1 h5 43. g5 Kg7 44. Ke4 Kg6 45. Nb3 Kxg5 46. Nxd4 f5+ 47. Kd3 e5 48. Nf3+ Kf6 49. Kc4 e4 50. Kd5 exf3 51. Kxd6 Kg5 52. Kd5 a5 53. Kc5 a4 54. Kb4 b5 55. Bf2 Kf6 56. Kxb5 a3 57. Bd4+ Kg5 58. Kc4 a2 59. Kd3 Kh4 60. Kd2 Kxh3 61. Ke1 Kg2 0-1

[Event "Medellin Raza Menor 2100 op"]
[Site "Medellin"]
[Date "2010.11.12"]
[Round "6.1"]
[White "Vacca, Leonardo"]
[Black "Zapata Cuartas, Juan Carlos"]
[Result "0-1"]
[WhiteElo "2043"]
[BlackElo "2088"]
[PlyCount "118"]
[EventDate "2010.11.12"]
[EventType "swiss"]
[EventRounds "7"]
[EventCountry "COL"]
[SourceTitle "EXT 2024"]
[Source "ChessBase"]
[SourceDate "2023.10.10"]
[SourceVersion "1"]
[SourceVersionDate "2023.10.10"]
[SourceQuality "1"]

1. e4 c5 2. Nf3 d6 3. d4 cxd4 4. Nxd4 Nf6 5. Nc3 a6 6. g3 e5 7. Nb3 Be7 8. Bg2 0-0 9. 0-0 Nbd7 10. a4 Nc5 11. Nd2 Bg4 12. Qe1 Rc8 13. h3 Bd7 14. Kh2 Re8 15. Qe2 Ne6 16. Nb3 Nd4 17. Qd3 Nxb3 18. cxb3 Qb6 19. Nd5 Nxd5 20. exd5 Qd4 21. Qe2 Bf5 22. Rd1 Qb6 23. Qe3 Qxe3 24. Bxe3 Bc2 25. Rd2 Bxb3 26. Ra3 Bc2 27. Bf1 f5 28. Bd3 Bxd3 29. Raxd3 g5 30. f4 gxf4 31. gxf4 e4 32. Rb3 Rc7 33. Bb6 Rd7 34. Bd4 Kf7 35. Rg2 Bf6 36. Bxf6 Kxf6 37. Rbg3 e3 38. Re2 Rde7 39. Kg2 Re4 40. b3 Rxf4 41. Rgxe3 Rxe3 42. Rxe3 Re4 43. Rg3 Re2+ 44. Kf1 Rd2 45. Rg8 Rxd5 46. Rb8 b5 47. a5 b4 48. Rxb4 Rxa5 49. Rh4 Kg6 50. Rd4 d5 51. Ke2 Rb5 52. b4 Kf6 53. Rh4 Rb7 54. Rh6+ Ke5 55. Rxa6 Rxb4 56. Ra7 h5 57. Rh7 h4 58. Kf3 Rf4+ 59. Kg2 d4 0-1

[Event "Colombia Mire Lea Florida Cup"]
[Site "Colombia"]
[Date "2010.10.17"]
[Round "3.4"]
[White "Vacca, Leonardo"]
[Black "Geurts, Harrie Tulio"]
[Result "1-0"]
[WhiteElo "2043"]
[BlackElo "1580"]
[PlyCount "21"]
[EventDate "2010.10.16"]
[EventType "swiss"]
[EventRounds "7"]
[EventCountry "COL"]
[SourceTitle "EXT 2024"]
[Source "ChessBase"]
[SourceDate "2023.10.10"]
[SourceVersion "1"]
[SourceVersionDate "2023.10.10"]
[SourceQuality "1"]

1. e4 d5 2. exd5 Nf6 3. Bb5+ Bd7 4. Bc4 Bg4 5. f3 Bf5 6. Nc3 c6 7. dxc6 Nxc6 8. d3 e6 9. Be3 Bb4 10. Nge2 a6 11. a3 1-0

[Event "Medellin IRT op 17th"]
[Site "Medellin"]
[Date "2010.08.08"]
[Round "9"]
[White "Vacca, Leonardo"]
[Black "Escobar Medina, Andres F"]
[Result "0-1"]
[WhiteElo "2040"]
[BlackElo "2114"]
[PlyCount "72"]
[EventDate "2010.08.04"]
[EventType "swiss"]
[EventRounds "9"]
[EventCountry "COL"]
[SourceTitle "EXT 2012"]
[Source "ChessBase"]
[SourceDate "2011.11.24"]
[SourceVersion "1"]
[SourceVersionDate "2011.11.24"]
[SourceQuality "1"]

1. e4 c5 2. Nf3 d6 3. d4 cxd4 4. Nxd4 Nf6 5. Bd3 a6 6. 0-0 Nc6 7. c3 e5 8. Nc2 Be7 9. Bg5 Be6 10. Nd2 0-0 11. Kh1 b5 12. Ne3 b4 13. cxb4 Nxb4 14. Ndc4 Rc8 15. a3 Nxd3 16. Qxd3 Qc7 17. Rac1 Rfd8 18. Bxf6 Bxf6 19. Nd5 Bxd5 20. Qxd5 h6 21. g3 Qe7 22. b4 Rc7 23. Nb6 Rb8 24. Qa5 Rxc1 25. Rxc1 Qa7 26. Rc6 Kh7 27. Rxd6 Bd8 28. Qxe5 Bxb6 29. Qf5+ g6 30. Qd5 Rb7 31. f4 Re7 32. f5 Be3 33. f6 Rc7 34. Rd8 Bg5 35. Qa8 Rc1+ 36. Kg2 Qg1+ 0-1

[Event "Medellin IRT op 17th"]
[Site "Medellin"]
[Date "2010.08.07"]
[Round "6"]
[White "Castaneda Jimenez, Jhon David"]
[Black "Vacca, Leonardo"]
[Result "1-0"]
[WhiteElo "2130"]
[BlackElo "2040"]
[PlyCount "69"]
[EventDate "2010.08.04"]
[EventType "swiss"]
[EventRounds "9"]
[EventCountry "COL"]
[SourceTitle "EXT 2012"]
[Source "ChessBase"]
[SourceDate "2011.11.24"]
[SourceVersion "1"]
[SourceVersionDate "2011.11.24"]
[SourceQuality "1"]

1. d4 c5 2. d5 Nf6 3. Nc3 e6 4. e4 exd5 5. exd5 d6 6. Be2 g6 7. Bg5 Bg7 8. Nf3 0-0 9. Nd2 h6 10. Bf4 Re8 11. 0-0 b6 12. Re1 Ba6 13. Bxa6 Nxa6 14. Nc4 Rxe1+ 15. Qxe1 Nb4 16. Qd2 Nh5 17. Bxd6 Qh4 18. Ne3 Rd8 19. Bg3 Nxg3 20. hxg3 Qg5 21. Rd1 Bd4 22. a3 Bxe3 23. fxe3 Nc6 24. Qf2 Na5 25. Rf1 f5 26. Qf4 Qxf4 27. Rxf4 Kg7 28. g4 g5 29. Rxf5 Nc4 30. Kf2 Nxb2 31. e4 Nc4 32. e5 Nxa3 33. e6 Rf8 34. d6 Nc4 35. d7 1-0

[Event "Medellin IRT op 17th"]
[Site "Medellin"]
[Date "2010.08.04"]
[Round "1"]
[White "Vacca, Leonardo"]
[Black "Ruiz Aguilar, Pablo Alexander"]
[Result "0-1"]
[WhiteElo "2040"]
[BlackElo "2265"]
[PlyCount "50"]
[EventDate "2010.08.04"]
[EventType "swiss"]
[EventRounds "9"]
[EventCountry "COL"]
[SourceTitle "EXT 2012"]
[Source "ChessBase"]
[SourceDate "2011.11.24"]
[SourceVersion "1"]
[SourceVersionDate "2011.11.24"]
[SourceQuality "1"]

1. e4 c5 2. Nf3 d6 3. d4 Nf6 4. Bd3 cxd4 5. Nxd4 Nc6 6. c3 e5 7. Nb5 a6 8. N5a3 d5 9. exd5 Qxd5 10. 0-0 Bg4 11. Qc2 Rd8 12. Bc4 Qd7 13. b4 Be7 14. Be3 0-0 15. f3 Bf5 16. Nd2 Bxc2 17. Nxc2 Nd5 18. Ne4 Nxe3 19. Nxe3 Kh8 20. Rad1 Qc8 21. Nd5 f5 22. Nxe7 Nxe7 23. Nc5 Rxd1 24. Rxd1 Rd8 25. Re1 b6 0-1

[Event "Cali Menor 2100 op 11th"]
[Site "Cali"]
[Date "2009.12.28"]
[Round "4.1"]
[White "Vacca, Leonardo"]
[Black "Moran, Daniel Stiven"]
[Result "0-1"]
[WhiteElo "2021"]
[BlackElo "2035"]
[PlyCount "26"]
[EventDate "2009.12.26"]
[EventType "swiss"]
[EventRounds "8"]
[EventCountry "COL"]
[SourceTitle "EXT 2024"]
[Source "ChessBase"]
[SourceDate "2023.10.10"]
[SourceVersion "1"]
[SourceVersionDate "2023.10.10"]
[SourceQuality "1"]

1. e4 c5 2. d4 d5 3. e5 e6 4. c3 Nc6 5. Nf3 Bd7 6. Be2 Qb6 7. 0-0 cxd4 8. cxd4 Be7 9. Nc3 Nh6 10. Bxh6 gxh6 11. Qd2 0-0-0 12. Bb5 Nxe5 13. Bxd7+ Nxd7 0-1

[Event "Manizales op 21st"]
[Site "Manizales"]
[Date "2009.01.10"]
[Round "4"]
[White "Vacca, Leonardo"]
[Black "Osorio, Edwin"]
[Result "0-1"]
[WhiteElo "1958"]
[BlackElo "1790"]
[PlyCount "56"]
[EventDate "2009.01.08"]
[EventType "swiss"]
[EventRounds "7"]
[EventCountry "COL"]
[SourceTitle "CBM 128 Extra"]
[Source "ChessBase"]
[SourceDate "2009.03.05"]
[SourceVersion "2"]
[SourceVersionDate "2009.03.25"]
[SourceQuality "1"]

1. e4 Nf6 2. d3 d5 3. e5 Nfd7 4. Nf3 e6 5. g3 c5 6. Bg2 f6 7. exf6 Nxf6 8. 0-0 Bd6 9. Re1 0-0 10. Ng5 e5 11. c4 h6 12. Nf3 dxc4 13. dxc4 Nc6 14. Nc3 Bg4 15. h3 Bh5 16. g4 Bf7 17. Nd5 Nxd5 18. cxd5 Nd4 19. Nxe5 Bxe5 20. Rxe5 Qf6 21. Re3 Rad8 22. Rg3 Bxd5 23. Qf1 Bxg2 24. Rxg2 Nf3+ 25. Kh1 Qc6 26. Be3 Nh4 27. Qc4+ Kh8 28. Rag1 Rd1 0-1

[Event "Cali op-B"]
[Site "Cali"]
[Date "2008.12.26"]
[Round "1"]
[White "Vacca, Leonardo"]
[Black "Vanegas Barbosa, Jhonny German"]
[Result "1/2-1/2"]
[WhiteElo "1958"]
[BlackElo "2108"]
[PlyCount "86"]
[EventDate "2008.12.26"]
[EventType "swiss"]
[EventRounds "9"]
[EventCountry "COL"]
[SourceTitle "EXT 2011"]
[Source "ChessBase"]
[SourceDate "2010.11.26"]
[SourceVersion "1"]
[SourceVersionDate "2010.11.26"]
[SourceQuality "1"]

1. e4 c5 2. Nf3 d6 3. d4 cxd4 4. Nxd4 Nf6 5. Nc3 Nc6 6. Bc4 Qb6 7. Ndb5 a6 8. Be3 Qa5 9. Nd4 e6 10. 0-0 Be7 11. f4 0-0 12. Bb3 d5 13. e5 Nd7 14. Kh1 Re8 15. Rf3 Bf8 16. Rh3 g6 17. Qg4 Bg7 18. Qh4 Nf8 19. Nce2 Ne7 20. c3 Bd7 21. Bc2 Qc7 22. Nc1 b6 23. Nd3 a5 24. Nf2 Nf5 25. Bxf5 exf5 26. Rd1 Ba4 27. Rg1 h5 28. Rg3 Qe7 29. Qh3 Bd7 30. Nf3 Ne6 31. Nd3 Bb5 32. Nde1 Be2 33. Nc2 b5 34. Re1 Bxf3 35. Rxf3 b4 36. Bd4 bxc3 37. Bxc3 Qc5 38. Rd1 Rac8 39. g3 Qc4 40. Qg2 d4 41. Nxd4 Qxa2 42. Nxe6 Rxe6 43. Rfd3 Bf8 1/2-1/2

[Event "Cali qual"]
[Site "Cali"]
[Date "2008.05.05"]
[Round "9"]
[White "Barros, Raul"]
[Black "Vacca, Leonardo"]
[Result "1/2-1/2"]
[WhiteElo "2080"]
[BlackElo "1913"]
[PlyCount "79"]
[EventDate "2008.05.01"]
[EventType "swiss"]
[EventRounds "9"]
[EventCountry "COL"]
[SourceTitle "CBM 124 Extra"]
[Source "ChessBase"]
[SourceDate "2008.07.03"]
[SourceVersion "1"]
[SourceVersionDate "2008.07.03"]
[SourceQuality "1"]

1. d4 c5 2. d5 Nf6 3. Nf3 e6 4. c4 exd5 5. cxd5 d6 6. Nc3 g6 7. Nd2 Bg7 8. Nc4 0-0 9. Bf4 Na6 10. Bxd6 Re8 11. e3 Ne4 12. Nxe4 Rxe4 13. Bg3 b5 14. Nd6 Rb4 15. Bxb5 Qa5 16. 0-0 Rxb5 17. Nxb5 Qxb5 18. b3 Bf5 19. f3 Qd3 20. e4 Qd4+ 21. Bf2 Qxa1 22. Qxa1 Bxa1 23. Rxa1 Bd7 24. Kf1 Bb5+ 25. Ke1 Rc8 26. Kd2 Nb4 27. Re1 Nd3 28. Rf1 f5 29. Bh4 Kg7 30. Bg5 h6 31. Be3 f4 32. Bg1 a5 33. Kc3 Kf6 34. Rd1 Ne5 35. Bf2 h5 36. Rb1 c4 37. Rb2 cxb3+ 38. Kxb3 a4+ 39. Kb4 Rc4+ 40. Kxb5 1/2-1/2

[Event "Cali qual"]
[Site "Cali"]
[Date "2008.05.04"]
[Round "7"]
[White "Becerra, Juan David"]
[Black "Vacca, Leonardo"]
[Result "1-0"]
[WhiteElo "2105"]
[BlackElo "1913"]
[PlyCount "79"]
[EventDate "2008.05.01"]
[EventType "swiss"]
[EventRounds "9"]
[EventCountry "COL"]
[SourceTitle "CBM 124 Extra"]
[Source "ChessBase"]
[SourceDate "2008.07.03"]
[SourceVersion "1"]
[SourceVersionDate "2008.07.03"]
[SourceQuality "1"]

1. e4 c5 2. Nc3 Nc6 3. f4 g6 4. Nf3 e6 5. Bc4 Bg7 6. 0-0 Nge7 7. Qe1 d6 8. f5 gxf5 9. d3 0-0 10. Qh4 d5 11. exd5 exd5 12. Bb3 Nd4 13. Bh6 Ng6 14. Qh5 Nxf3+ 15. Rxf3 c4 16. dxc4 dxc4 17. Rd1 Qb6+ 18. Be3 Qe6 19. Rh3 h6 20. Bxh6 cxb3 21. Bxg7 Kxg7 22. Qh6+ Kf6 23. Nd5+ Qxd5 24. Rxd5 bxa2 25. Ra5 Be6 26. b3 Rad8 27. Qc1 f4 28. Qb2+ Ke7 29. Rd3 Rxd3 30. cxd3 Rd8 31. d4 a6 32. Rxa2 f3 33. Qc3 Bd5 34. gxf3 Rg8 35. Qc5+ Kf6 36. Qd6+ Be6 37. Rg2 Rc8 38. d5 Rc1+ 39. Kf2 Rd1 40. Rxg6+ 1-0

[Event "Cali qual"]
[Site "Cali"]
[Date "2008.05.03"]
[Round "5"]
[White "Suarez, Luis Humberto"]
[Black "Vacca, Leonardo"]
[Result "0-1"]
[WhiteElo "2179"]
[BlackElo "1913"]
[PlyCount "94"]
[EventDate "2008.05.01"]
[EventType "swiss"]
[EventRounds "9"]
[EventCountry "COL"]
[SourceTitle "CBM 124 Extra"]
[Source "ChessBase"]
[SourceDate "2008.07.03"]
[SourceVersion "1"]
[SourceVersionDate "2008.07.03"]
[SourceQuality "1"]

1. d4 c5 2. d5 Nf6 3. c4 e6 4. Nc3 exd5 5. cxd5 d6 6. Nf3 g6 7. e4 Bg7 8. Be2 0-0 9. 0-0 Re8 10. Nd2 Na6 11. Re1 Nc7 12. a4 Rb8 13. Qc2 b6 14. h3 Ba6 15. Nb5 Bxb5 16. axb5 Rb7 17. Kf1 Qd7 18. Qa4 Nh5 19. Ra3 Nf4 20. Bc4 h6 21. Nf3 Nh5 22. e5 dxe5 23. d6 Qxd6 24. Rd3 Qf8 25. Rd7 Re7 26. Red1 Nf6 27. R7d6 Nce8 28. Rd8 Kh7 29. Nh4 Rbd7 30. R8xd7 Rxd7 31. Rxd7 Nxd7 32. Qxa7 Qd6 33. Qa4 Qe7 34. Bd5 Nef6 35. Bc6 Qd6 36. Nf3 Qd3+ 37. Ke1 e4 38. Nd2 e3 39. Nf3 exf2+ 40. Kxf2 c4 41. Be3 Nd5 42. Bxd5 Qxd5 43. Qb4 Qe6 44. Qa3 Bf8 45. Qc3 Nc5 46. Nd2 Nd3+ 47. Kf3 Qd5+ 0-1

[Event "Bogota Olympic qual 1st"]
[Site "Bogota"]
[Date "2008.03.24"]
[Round "9.40"]
[White "Suarez, Luis Humberto"]
[Black "Vacca, Leonardo"]
[Result "1/2-1/2"]
[WhiteElo "2179"]
[BlackElo "1913"]
[PlyCount "126"]
[EventDate "2008.03.20"]
[EventType "swiss"]
[EventRounds "9"]
[EventCountry "COL"]
[SourceTitle "EXT 2024"]
[Source "ChessBase"]
[SourceDate "2023.10.10"]
[SourceVersion "1"]
[SourceVersionDate "2023.10.10"]
[SourceQuality "1"]

1. d4 c5 2. d5 Nf6 3. c4 e6 4. Nc3 exd5 5. cxd5 d6 6. Nf3 g6 7. e4 Bg7 8. h3 0-0 9. Bd3 b5 10. Nxb5 Nxe4 11. 0-0 a6 12. Na3 Nf6 13. Bc4 Nbd7 14. Bd2 Ne4 15. Bc1 Rb8 16. Rb1 Re8 17. Re1 Nb6 18. Bb3 Bb7 19. Bf4 Qf6 20. Bh2 Qf5 21. g4 Qd7 22. Nc4 Nxc4 23. Bxc4 h5 24. Qd3 hxg4 25. Rxe4 gxf3 26. Rxe8+ Rxe8 27. Qxf3 Bc8 28. b3 Bd4 29. Rd1 Kg7 30. b4 Rh8 31. Bf1 Rh5 32. bxc5 dxc5 33. Bg2 Bb7 34. Qg4 Qd8 35. d6 Rg5 36. Bxb7 Rxg4+ 37. hxg4 Qh4 38. Rd2 Qxg4+ 39. Bg2 Qg5 40. Rd1 Qf5 41. Bg3 Qg4 42. Rd2 Qxg3 43. Rxd4 Qe5 44. Rd5 Qf6 45. Rd1 c4 46. d7 Qd8 47. Bc6 c3 48. Ba4 Kh6 49. Kf1 Kg5 50. Rd3 Kf4 51. Rxc3 Qh8 52. Rc4+ Ke5 53. Kg2 Qa8+ 54. Bc6 Qd8 55. Ba4 Qa8+ 56. Kg1 Qb8 57. Rc1 f5 58. Re1+ Kf4 59. Bc6 Qd6 60. Re8 Qd1+ 61. Kg2 Qg4+ 62. Kh2 Qh5+ 63. Kg2 Qg4+ 1/2-1/2